Engendering Climate Change (Record no. 16352)

MARC details
000 -LEADER
fixed length control field 00610nam a2200121Ia 4500
008 - FIXED-LENGTH DATA ELEMENTS--GENERAL INFORMATION
fixed length control field 220615s9999||||xx |||||||||||||| ||und||
245 #0 - TITLE STATEMENT
Title Engendering Climate Change
Remainder of title Learnings from South Asia
546 ## - LANGUAGE NOTE
Language note English[eng]
650 ## - SUBJECT ADDED ENTRY--TOPICAL TERM
Topical term or geographic name entry element Climate change;Human geography;Gender studies, gender groups;Sociology;Gender studies: women and girls;Environmental science, engineering and technology;Environmental management;Society and culture: general
700 ## - ADDED ENTRY--PERSONAL NAME
Personal name Hans, Asha||Rao, Nitya||Prakash, Anjal||Amrita, Patel
856 ## - ELECTRONIC LOCATION AND ACCESS
Uniform Resource Identifier <a href="https://library.oapen.org/bitstream/20.500.12657/46959/1/9781000335316.pdf">https://library.oapen.org/bitstream/20.500.12657/46959/1/9781000335316.pdf</a>
942 ## - ADDED ENTRY ELEMENTS (KOHA)
Koha item type E-Books
Holdings
Withdrawn status Lost status Damaged status Not for loan Home library Current library Date acquired Total Checkouts Date last seen Price effective from Koha item type
        Kerala University of Digital Sciences, Innovation and Technology Knowledge Centre Kerala University of Digital Sciences, Innovation and Technology Knowledge Centre 15/06/2022   15/06/2022 15/06/2022 E-Books